00451nam a22001337a 4500008004100000020001500041050002200056100002000078245009300098260004000191300001700231650003800248650003100286220713b |||||||| |||| 00| 0 eng d a0310270904 aBS2651b.M66 2021 aMoo, Douglas J. aA Theology of Paul and His Letters bthe Gift of the New Realm in ChristcDouglas J. Moo aNew YorkbZondervan, Academicc2021 axxxii, 749p. aPaul, the Apostle saintvtheology aEpistles of paulvtheology